000 00474nam a2200181Ia 4500
001 3350
005 20260306145637.0
008 260306t2009||||xx |||||||||||||| ||spa||
041 _aESP
082 _a270
_bLL 758 2009 T. 1
100 _aLlorca, Bernardino
_eAUT
245 0 _aHistoria de la iglesia católica:
_bedad antigua: la iglesia en el mundo grecorromano
260 _c2009
300 _a
_c20 cm.
650 _aGEN
654 _aCHU
942 _cLIB
_dJUS
_fJUS
_2ddc
_n
999 _c3350
_d3350